LEADER 01173nam a22002771i 4500 001 991003057769707536 005 20040525103541.0 008 040624s1996 gw a||||||||||||||||ger 020 $a3110149729 035 $ab1301786x-39ule_inst 035 $aARCHE-097554$9ExL 040 $aDip.to Beni Culturali$bita$cA.t.i. Arché s.c.r.l. Pandora Sicilia s.r.l. 082 04$a738.3 100 1 $aHausmann, Ulrich$0153456 245 10$aHellenistische keramik :$beine brunnenfüllung nördlich von Bau C und reliefkeramik verschiedener fundplätze in Olympia /$cvon Ulrich Hausmann 260 $aBerlin ;$aNew York :$bW. de Gruyter,$c1996 300 $aXII, 113 p., 45 p. di tav. :$bill. ;$c29 cm 440 0$aOlympische Forschungen ;$v27 500 $aIn testa al front.: Deutsches Archäologisches Institut 650 4$aCeramiche ellenistiche$xOlimpia 907 $a.b1301786x$b02-04-14$c12-07-04 912 $a991003057769707536 945 $aLE001 AR IX 23/27$g1$i2001000124169$lle001$nC. 1$o-$pE0.00$q-$rl$s- $t0$u0$v0$w0$x0$y.i1363074x$z12-07-04 996 $aHellenistische keramik$9289380 997 $aUNISALENTO 998 $ale001$b12-07-04$cm$da $e-$fger$ggw $h0$i1